<?xml version="1.0" encoding="UTF-8"?>
<record
    xmlns:xsi="http://www.w3.org/2001/XMLSchema-instance"
    xsi:schemaLocation="http://www.loc.gov/MARC21/slim http://www.loc.gov/standards/marcxml/schema/MARC21slim.xsd"
    xmlns="http://www.loc.gov/MARC21/slim">

  <leader>01289nam a2200337   4500</leader>
  <controlfield tag="003">OSt</controlfield>
  <controlfield tag="005">20260530115302.0</controlfield>
  <controlfield tag="008">260420b1986    mx a|||| |||| 00| 0 spa d</controlfield>
  <datafield tag="020" ind1=" " ind2=" ">
    <subfield code="a">9688378798</subfield>
  </datafield>
  <datafield tag="040" ind1=" " ind2=" ">
    <subfield code="a">ICI</subfield>
    <subfield code="b">spa</subfield>
    <subfield code="c">ICI</subfield>
  </datafield>
  <datafield tag="050" ind1=" " ind2=" ">
    <subfield code="a">T173.8</subfield>
    <subfield code="b">A77</subfield>
  </datafield>
  <datafield tag="245" ind1="0" ind2="0">
    <subfield code="a">Articulaci&#xF3;n Tecnol&#xF3;gica y Productiva /</subfield>
    <subfield code="c">Marisol P&#xE9;rez Lizaur, Arturo Castanos, Jos&#xE9; Antonio Esteva, compiladores ; Mario Waissbluth, ed.</subfield>
  </datafield>
  <datafield tag="264" ind1=" " ind2="1">
    <subfield code="b">UNAM, Centro para la Innovaci&#xF3;n Tecnol&#xF3;gica,</subfield>
    <subfield code="c">1986</subfield>
    <subfield code="a">M&#xE9;xico : </subfield>
  </datafield>
  <datafield tag="300" ind1=" " ind2=" ">
    <subfield code="a">217 p&#xE1;ginas</subfield>
    <subfield code="c">22.9 cm.</subfield>
  </datafield>
  <datafield tag="336" ind1=" " ind2=" ">
    <subfield code="a">texto</subfield>
    <subfield code="2">rdacontent</subfield>
  </datafield>
  <datafield tag="337" ind1=" " ind2=" ">
    <subfield code="a">sin medio</subfield>
    <subfield code="2">rdamedia</subfield>
  </datafield>
  <datafield tag="338" ind1=" " ind2=" ">
    <subfield code="a">volumen</subfield>
    <subfield code="2">rdacarrier</subfield>
  </datafield>
  <datafield tag="490" ind1="0" ind2=" ">
    <subfield code="a">Lecturas sobre desarrollo tecnol&#xF3;gico</subfield>
  </datafield>
  <datafield tag="650" ind1="4" ind2=" ">
    <subfield code="a">Ciencia</subfield>
    <subfield code="z">M&#xE9;xico</subfield>
    <subfield code="9">31355</subfield>
  </datafield>
  <datafield tag="650" ind1="4" ind2=" ">
    <subfield code="a">Ciencia e industria</subfield>
    <subfield code="9">31356</subfield>
  </datafield>
  <datafield tag="650" ind1="4" ind2=" ">
    <subfield code="a">Ciencia</subfield>
    <subfield code="z">Am&#xE9;rica Latina</subfield>
    <subfield code="9">31357</subfield>
  </datafield>
  <datafield tag="650" ind1="4" ind2=" ">
    <subfield code="a">Innovaciones tecnol&#xF3;gicas</subfield>
  </datafield>
  <datafield tag="651" ind1="4" ind2=" ">
    <subfield code="a">M&#xE9;xico</subfield>
    <subfield code="x">Industrias</subfield>
  </datafield>
  <datafield tag="651" ind1="4" ind2=" ">
    <subfield code="a">Am&#xE9;rica Latina</subfield>
    <subfield code="x">Industrias</subfield>
    <subfield code="9">31359</subfield>
  </datafield>
  <datafield tag="700" ind1="1" ind2=" ">
    <subfield code="a">Waissbluth, Mario,</subfield>
    <subfield code="e">editor</subfield>
    <subfield code="9">31360</subfield>
  </datafield>
  <datafield tag="700" ind1="1" ind2=" ">
    <subfield code="a">Casta&#xF1;os, Arturo,</subfield>
    <subfield code="e">ompilador</subfield>
    <subfield code="9">31361</subfield>
  </datafield>
  <datafield tag="700" ind1="1" ind2=" ">
    <subfield code="a">Esteva, Jos&#xE9; Antonio,</subfield>
    <subfield code="e">compilador</subfield>
    <subfield code="9">31362</subfield>
  </datafield>
  <datafield tag="700" ind1="1" ind2=" ">
    <subfield code="a">P&#xE9;rez Lizaur, Marisol,</subfield>
    <subfield code="e">compilador</subfield>
    <subfield code="9">31363</subfield>
  </datafield>
  <datafield tag="710" ind1="2" ind2=" ">
    <subfield code="a">Universidad Nacional Aut&#xF3;noma de M&#xE9;xico.</subfield>
    <subfield code="c">Centro para la Innovaci&#xF3;n Tecnol&#xF3;gica</subfield>
    <subfield code="9">31364</subfield>
  </datafield>
  <datafield tag="942" ind1=" " ind2=" ">
    <subfield code="2">lcc</subfield>
    <subfield code="c">BK</subfield>
  </datafield>
  <datafield tag="999" ind1=" " ind2=" ">
    <subfield code="c">12897</subfield>
    <subfield code="d">12897</subfield>
  </datafield>
</record>
